Modifying the performance of sulfenamide accelerators with thiurams (Record no. 63138)

MARC details
000 -LEADER
fixed length control field 00361nam a2200133Ia 4500
100 ## - MAIN ENTRY--AUTHOR NAME
Personal name Chasar D W
245 #0 - TITLE STATEMENT
Title Modifying the performance of sulfenamide accelerators with thiurams
260 ## - PUBLICATION, DISTRIBUTION, ETC. (IMPRINT)
Name of publisher Rubber World
Year of publication 2002
300 ## - PHYSICAL DESCRIPTION
Number of Pages 26-31
650 ## - SUBJECT ADDED ENTRY--TOPICAL TERM
Topical Term Sulfenamide accelerators
650 ## - SUBJECT ADDED ENTRY--TOPICAL TERM
Topical Term Thiurams
942 ## - ADDED ENTRY ELEMENTS (KOHA)
Koha item type Journals
Holdings
Withdrawn status Lost status Damaged status Not for loan Home library Current library Shelving location Date acquired Serial Enumeration / chronology Koha item type
      Journals RRII Library RRII Library Rubber chemistry 15/11/2002 Volume 226, Issue 5 Journals